| Tag |
First Indicator |
Second Indicator |
Subfields |
| LEADER |
00000cam a2200000 4500 |
| 001 |
in00000360621 |
| 005 |
20151011062159.0 |
| 008 |
690904s1967 tnua p 00010 eng |
| 010 |
|
|
|a 67062697
|
| 035 |
|
|
|a (OCoLC)00021106
|
| 035 |
|
|
|9 ABM9835AM
|
| 040 |
|
|
|a DLC
|c DLC
|d TXA
|d UtOrBLW
|
| 049 |
|
|
|a TXAM
|c [1377422]
|
| 050 |
0 |
0 |
|a QC475
|b .W25
|
| 082 |
0 |
|
|a 539.7/2/077
|
| 100 |
1 |
|
|a Wade, James Edgar,
|d 1910-
|
| 245 |
1 |
0 |
|a Radiation monitoring ;
|b a programmed instruction book /
|c by James E. Wade and G. E. Cunningham.
|
| 264 |
|
1 |
|a [Oak Ridge, Tenn.] :
|b U.S. Atomic Energy Commission, Division of Technical Information,
|c 1967.
|
| 300 |
|
|
|a vi, 281 pages :
|b illustrations ;
|c 23 cm.
|
| 336 |
|
|
|a text
|b txt
|2 rdacontent
|
| 337 |
|
|
|a unmediated
|b n
|2 rdamedia
|
| 338 |
|
|
|a volume
|b nc
|2 rdacarrier
|
| 650 |
|
0 |
|a Radiation
|x Programmed instruction.
|
| 700 |
1 |
|
|a Cunningham, G. E.
|
| 999 |
|
|
|a MARS
|
| 999 |
f |
f |
|s 2cf8a918-76cb-3d8c-a54e-b234dceb4855
|i d018f906-3bd9-3c7a-b646-e5fa9ce2669e
|t 0
|
| 952 |
f |
f |
|p ric
|a Texas A&M University
|b Rellis Campus
|c Joint Library Facility
|d Remote Storage
|t 0
|e QC475 .W25
|h Library of Congress classification
|i unmediated -- volume
|m A14804630260
|
| 998 |
f |
f |
|a QC475 .W25
|t 0
|l Remote Storage
|